|
|
|
|
| LEADER |
00000nab a2200000 ar4500 |
| 001 |
vtls009512618 |
| 003 |
SK-MaSNL |
| 005 |
20260303061153.0 |
| 008 |
090514c20090429xo sr|p|||||||000 b|slo |
| 015 |
|
|
|a SNBRB2009/06
|2 snkbucl
|
| 038 |
|
|
|a SNKBUCL
|
| 040 |
|
|
|a SNKBUCL
|b slo
|c SNKBUCL
|e AACR2
|
| 041 |
0 |
|
|a slo
|
| 044 |
|
|
|a xo
|c SK
|
| 080 |
|
|
|a 796.332.093.1-053.6
|2 2001
|
| 245 |
0 |
0 |
|a Napriek prehre "žijú"
|b futbalový turnaj Slovakia Cup
|
| 611 |
2 |
7 |
|a Slovakia Cup
|n (19. :
|d 2009)
|2 snkbucl
|9 1054395
|
| 650 |
0 |
7 |
|a futbal
|2 snkbucl
|9 3291
|
| 650 |
0 |
7 |
|a hráči do 18 rokov
|2 snkbucl
|9 1034406
|
| 773 |
0 |
|
|t Šport
|g Roč. 63 č. 98 (29.4.2009), s. 38
|x 0139-7001
|
| 999 |
|
|
|c 1734539
|d 1736469
|